000 01148njm a22003017a 4500
005 20100915110054.0
007 sd ammalaaahaa
008 100913t xxu||||| |||| 00| 0 hin d
028 _aTAE 1041
_bODEON
035 _aGR-02675
040 _aSED/VEN
100 _aMangeskar, Lata
_91184
245 _aAnuradha /
_cBy Lata Mangeskar; Music by Ravi Shankar ; lyrics by Shailendra
_h[sound recording] :
246 _aAnuradha /
260 _aDum Dum India
_bODEON
300 _a1 sound disc [Gramophone record] :
_banalog, 45 1/3 rpm
_c7.5 in. (SP)
_fGramophone Record
500 _aBrief Record
500 _aRecord label :ODEON, Black
505 _aSide 1 सवारे सवारे ( Saware saware ) Side 2 हाय रे वेह दिन क्यों न आये ( Hai rey veh din kyo na aaye )
600 _aMangeskar, Lata
_919992
650 _aHindi geet
_xExcerpts
_zIndia
_919603
700 _919604
_aRavi Shankar
700 _919605
_aShalendra
700 _920152
700 _920153
942 _2ddc
_cGR
999 _c46055
_d46055